000 00930nam a22002417a 4500
005 20150520120703.0
010 _aENG-112572
020 _a9789381904145
_c595.00
035 _aEN-96104
037 _bDBAD/PUB
082 _a 327.1170973
100 _aIsser, Rajesh
245 0 0 _aPeacekeeping and protection of civilians :
_cby Rajesh Isser
_bthe Indian Air Force in the Congo /
260 _aNew Delhi
_bKW Publishers
_c2012
270 _a4676/21, First Floor, Ansari Road, Daryaganj,
_bNew Delhi
_e110002
300 _avi,234p. :
_c24cm(Hb)
_bill.,maps
500 _aIncludes bibliographical references (pages 233-234).
610 _aUnited Nations
_xPeacekeeping forces
_zCongo (Democratic Republic)
610 _aIndia.
_bAir Force.
650 _a Peacekeeping forces
_zCongo (Democratic Republic)
650 _aCivil defense
_zCongo (Democratic Republic)
942 _2ddc
_cEN
_mISS
_h 327.1170973
999 _c92718
_d92718